[Event "Moscow-ch op Superfinal"]
[Site "Ershovo"]
[Date "2024.02.29"]
[Round "9"]
[White "Bukreev, Stanislav"]
[Black "Temirbekov, Taimaz"]
[Result "1-0"]
[WhiteElo "2070"]
[BlackElo "2119"]
[PlyCount "81"]
[EventDate "2024.02.23"]
[EventType "swiss"]
[EventRounds "10"]
[EventCountry "RUS"]
[SourceTitle "CB10_2024"]
[SourceDate "2024.03.06"]
[SourceVersion "1"]
[SourceVersionDate "2024.03.06"]
[SourceQuality "1"]

1. d4 Nf6 2. c4 e6 3. Nf3 d5 4. Nc3 c6 5. e3 Nbd7 6. Qc2 Bd6 7. Bd3 dxc4 8. Bxc4 b5 9. Be2 Bb7 10. e4 e5 11. dxe5 Nxe5 12. Nd4 Bb4 13. Nf5 g6 14. Ng3 0-0 15. Bg5 Be7 16. Rd1 Nfd7 17. Bh6 Re8 18. 0-0 Bc5 19. Qc1 Qe7 20. Kh1 f6 21. Be3 Rad8 22. f4 Nf7 23. e5 fxe5 24. f5 Bd4 25. Nce4 a6 26. fxg6 hxg6 27. Rxf7 Qxf7 28. Nd6 Qe6 29. Nxb7 Rb8 30. Na5 c5 31. Nb3 Rbc8 32. Ne4 c4 33. Nxd4 exd4 34. Rxd4 Nc5 35. Bf3 Nd3 36. Qd2 Red8 37. Bg1 Kg7 38. Qc3 Qe5 39. b3 cxb3 40. axb3 Nf4 41. Rxd8 1-0

[Event "RUS-chT Rapid"]
[Site "Sochi"]
[Date "2023.10.18"]
[Round "2.4"]
[White "Bukreev, Stanislav"]
[Black "Matlakov, Maxim"]
[Result "1/2-1/2"]
[WhiteElo "2000"]
[BlackElo "2674"]
[PlyCount "74"]
[EventDate "2023.10.18"]
[EventType "team-swiss (rapid)"]
[EventRounds "9"]
[EventCountry "RUS"]
[SourceTitle "Mega2024 Update 01"]
[Source "Chessbase"]
[SourceDate "2023.11.12"]
[SourceVersion "1"]
[SourceVersionDate "2023.11.12"]
[SourceQuality "1"]
[WhiteTeam "Moscow Formula Shakhmat"]
[BlackTeam "Moscow Park Tauer"]
[WhiteTeamCountry "RUS"]
[BlackTeamCountry "RUS"]

1. d4 Nf6 2. c4 e6 3. Nf3 d5 4. Nc3 Bb4 5. Qa4+ Nc6 6. a3 Bxc3+ 7. bxc3 Ne4 8. e3 Nxc3 9. Qc2 Ne4 10. Bd3 Nd6 11. c5 Nf5 12. Rb1 h6 13. 0-0 0-0 14. a4 Nfe7 15. Bd2 b6 16. Rfc1 Bd7 17. h3 Rb8 18. Bb5 Re8 19. a5 bxa5 20. Qa4 e5 21. dxe5 a6 22. Be2 Rxb1 23. Rxb1 Nxe5 24. Qxa5 Nxf3+ 25. Bxf3 Bb5 26. Bc3 c6 27. Qa1 Nf5 28. Bg4 Qg5 29. Bxf5 Qxf5 30. Bxg7 Re6 31. Rb4 Rg6 32. Rg4 Rxg4 33. hxg4 Qg6 34. Bd4 Qxg4 35. Qa5 Qd1+ 36. Kh2 Qh5+ 37. Kg1 Qd1+ 1/2-1/2

[Event "RUS-chT Blitz"]
[Site "Sochi"]
[Date "2023.10.17"]
[Round "11.20"]
[White "Krylov, Mikhail"]
[Black "Bukreev, Stanislav"]
[Result "0-1"]
[WhiteElo "2456"]
[BlackElo "2000"]
[PlyCount "105"]
[EventDate "2023.10.17"]
[EventType "team-swiss (blitz)"]
[EventRounds "13"]
[EventCountry "RUS"]
[SourceTitle "Mega2024 Update 01"]
[Source "Chessbase"]
[SourceDate "2023.11.12"]
[SourceVersion "1"]
[SourceVersionDate "2023.11.12"]
[SourceQuality "1"]
[WhiteTeam "Moscow MGFSO"]
[BlackTeam "Moscow Formula Shakhmat"]
[WhiteTeamCountry "RUS"]
[BlackTeamCountry "RUS"]

1. d4 Nf6 2. c4 e6 3. g3 d5 4. Nf3 Bb4+ 5. Bd2 Be7 6. Bg2 0-0 7. 0-0 Nbd7 8. Qc2 c6 9. b3 b6 10. Rd1 a5 11. Bf4 Ba6 12. Nbd2 Nh5 13. Be3 Nhf6 14. Bg5 h6 15. Bxf6 Nxf6 16. e4 dxe4 17. Nxe4 Bb7 18. Nxf6+ Bxf6 19. c5 b5 20. a3 b4 21. a4 Qc7 22. Rd2 Rad8 23. Rad1 Rd7 24. Qe4 Rfd8 25. Qe3 Ba6 26. h4 Kh7 27. Kh2 g6 28. Qe4 Kg7 29. Qe3 Qb8 30. Kh1 Qc7 31. g4 g5 32. hxg5 hxg5 33. Ne5 Bxe5 34. Qxg5+ Kf8 35. dxe5 Rxd2 36. Rxd2 Rxd2 37. Qxd2 Qxe5 38. Qd8+ Kg7 39. Qxa5 Qa1+ 40. Kh2 Qe5+ 41. Kh3 Qc3+ 42. f3 Bf1 43. Kg3 Bxg2 44. Kxg2 Qxb3 45. Qb6 Qxa4 46. Qc7 Qc2+ 47. Kg3 Qxc5 48. Qb8 Qd4 49. g5 c5 50. Kg2 Qb2+ 51. Kg3 Qc3 52. Qd8 b3 53. Qd1 0-1

[Event "St Petersburg Korchnoi Memorial op"]
[Site "St Petersburg"]
[Date "2023.08.19"]
[Round "3"]
[White "Titov, Alexander"]
[Black "Bukreev, Stanislav"]
[Result "1-0"]
[WhiteElo "2187"]
[BlackElo "1938"]
[PlyCount "57"]
[EventDate "2023.08.18"]
[EventType "swiss"]
[EventRounds "9"]
[EventCountry "RUS"]
[SourceTitle "EXT 2024"]
[Source "ChessBase"]
[SourceDate "2023.10.10"]
[SourceVersion "1"]
[SourceVersionDate "2023.10.10"]
[SourceQuality "1"]

1. d4 Nf6 2. c4 e6 3. Nc3 d5 4. cxd5 Nxd5 5. e4 Nxc3 6. bxc3 c5 7. Rb1 Be7 8. Nf3 0-0 9. h4 b6 10. h5 h6 11. Rh3 Kh8 12. Rg3 Bb7 13. Bd3 cxd4 14. cxd4 Nc6 15. a3 f5 16. Bd2 Bf6 17. e5 Be7 18. Bc4 Qd7 19. Rg6 Nd8 20. d5 Bxd5 21. Rxh6+ Kg8 22. Rg6 Nc6 23. Bb3 Bc5 24. h6 Qf7 25. Rg3 f4 26. Rg4 Qh5 27. Rh4 Qg6 28. hxg7 Qe4+ 29. Kf1 1-0

[Event "Dzhubga op"]
[Site "Dzhubga"]
[Date "2023.08.09"]
[Round "9"]
[White "Bukreev, Stanislav"]
[Black "Triapishko, Alexandr"]
[Result "1/2-1/2"]
[WhiteElo "1938"]
[BlackElo "2506"]
[PlyCount "51"]
[EventDate "2023.08.01"]
[EventType "swiss"]
[EventRounds "9"]
[EventCountry "RUS"]
[SourceTitle "EXT 2024"]
[Source "ChessBase"]
[SourceDate "2023.10.10"]
[SourceVersion "1"]
[SourceVersionDate "2023.10.10"]
[SourceQuality "1"]

1. d4 d5 2. c4 dxc4 3. Nf3 a6 4. e3 Bg4 5. Bxc4 e6 6. 0-0 Nc6 7. Nc3 Bd6 8. Be2 Nf6 9. h3 Bh5 10. Qb3 0-0 11. Bd2 Rb8 12. Rad1 b5 13. Qc2 Bg6 14. Qc1 Qe8 15. Nh4 e5 16. Nxg6 hxg6 17. dxe5 Nxe5 18. Qc2 Ned7 19. Bf3 Qe6 20. a3 Rfd8 21. Ne4 Nxe4 22. Bxe4 Nf6 23. Bf3 Nd7 24. Be4 Nf6 25. Bf3 Nd7 26. Be4 1/2-1/2

[Event "Cheliabinsk Lozovatsky Memorial-A"]
[Site "Cheliabinsk"]
[Date "2023.02.01"]
[Round "6"]
[White "Bukreev, Stanislav"]
[Black "Novozhilov, Semen"]
[Result "0-1"]
[WhiteElo "2007"]
[BlackElo "2253"]
[PlyCount "78"]
[EventDate "2023.01.27"]
[EventType "swiss"]
[EventRounds "10"]
[EventCountry "RUS"]
[SourceTitle "CBM 212 Extra"]
[Source "ChessBase"]
[SourceDate "2023.03.31"]
[SourceVersion "1"]
[SourceVersionDate "2023.03.31"]
[SourceQuality "1"]

1. d4 Nf6 2. c4 e6 3. Nc3 Bb4 4. e3 0-0 5. Bd3 d5 6. a3 Bxc3+ 7. bxc3 dxc4 8. Bxc4 c5 9. Ne2 Qc7 10. Bd3 b6 11. e4 Bb7 12. f3 Rd8 13. 0-0 Nc6 14. Be3 Rd7 15. Qe1 Qc8 16. Qg3 Ba6 17. Bxa6 Qxa6 18. Qf2 cxd4 19. cxd4 Na5 20. d5 exd5 21. e5 Ne8 22. Nd4 Nc7 23. f4 Ne6 24. f5 Nxd4 25. Bxd4 Nb3 26. Rad1 Nxd4 27. Rxd4 Qxa3 28. f6 Rc8 29. Rg4 g6 30. e6 fxe6 31. f7+ Kf8 32. Qf6 Qc3 33. Rd4 Rdd8 34. Qg5 Qxd4+ 35. Kh1 Rd7 36. Qg3 Rxf7 37. Qd6+ Kg7 38. Rxf7+ Kxf7 39. Qd7+ Kf6 0-1

[Event "Cheliabinsk Lozovatsky Memorial-A"]
[Site "Cheliabinsk"]
[Date "2023.01.31"]
[Round "5"]
[White "Ermakov, Maksim"]
[Black "Bukreev, Stanislav"]
[Result "1-0"]
[WhiteElo "2167"]
[BlackElo "2007"]
[PlyCount "43"]
[EventDate "2023.01.27"]
[EventType "swiss"]
[EventRounds "10"]
[EventCountry "RUS"]
[SourceTitle "CBM 212 Extra"]
[Source "ChessBase"]
[SourceDate "2023.03.31"]
[SourceVersion "1"]
[SourceVersionDate "2023.03.31"]
[SourceQuality "1"]

1. d4 Nf6 2. c4 e6 3. Nc3 d5 4. Bg5 dxc4 5. e3 a6 6. a4 c5 7. Bxc4 h6 8. Bh4 cxd4 9. exd4 Be7 10. Nf3 0-0 11. 0-0 b6 12. Qe2 Bb7 13. Rad1 Nbd7 14. Ne5 Nd5 15. Bxd5 Bxd5 16. Nxd7 Bxh4 17. Nxf8 Bb3 18. Nxe6 Bxd1 19. Rxd1 fxe6 20. Qxe6+ Kh8 21. g3 Bf6 22. Nd5 1-0

[Event "EU-ch U12 30th"]
[Site "Antalya"]
[Date "2022.11.13"]
[Round "8"]
[White "Bukreev, Stanislav"]
[Black "Averin, Nikolay"]
[Result "1-0"]
[WhiteElo "1929"]
[BlackElo "2368"]
[PlyCount "135"]
[EventDate "2022.11.06"]
[EventType "swiss"]
[EventRounds "9"]
[EventCountry "TUR"]
[SourceTitle "CBM 211 Extra"]
[Source "ChessBase"]
[SourceDate "2023.01.31"]
[SourceVersion "1"]
[SourceVersionDate "2023.01.31"]
[SourceQuality "1"]

1. c4 e6 2. Nf3 d5 3. g3 Nf6 4. b3 Be7 5. Bg2 0-0 6. 0-0 c5 7. cxd5 Nxd5 8. Bb2 Nc6 9. d4 cxd4 10. Nxd4 Nxd4 11. Qxd4 Bf6 12. Qd2 b6 13. Bxf6 Qxf6 14. Nc3 Bb7 15. Nxd5 Bxd5 16. Bxd5 Rad8 17. e4 exd5 18. exd5 Rd7 19. Rad1 Rfd8 20. Rfe1 h5 21. Qc2 g6 22. Qe4 Kg7 23. h4 Rd6 24. Rd2 R8d7 25. Kg2 Qd8 26. Red1 Qe7 27. Qd4+ Qf6 28. Qe4 Qe7 29. Qxe7 Rxe7 30. Rd4 Re2 31. a3 Ra2 32. a4 Re2 33. R1d3 Kf8 34. Re3 Rc2 35. Red3 Re2 36. Kf1 Re7 37. b4 Kg7 38. Rc4 Red7 39. Rcd4 Re7 40. b5 Re5 41. Kg2 Re7 42. Rc4 Red7 43. Kf3 Rxd5 44. Rxd5 Rxd5 45. Rc7 a5 46. Ke4 Rd2 47. Rc6 Rxf2 48. Rxb6 Ra2 49. Ra6 Rxa4+ 50. Kd5 g5 51. hxg5 Rg4 52. b6 Rxg5+ 53. Kc6 Rxg3 54. Rxa5 Rg6+ 55. Kc7 Re6 56. Rxh5 Kg6 57. Rd5 Re7+ 58. Rd7 Re8 59. b7 f5 60. Rd8 Re7+ 61. Kc6 Rxb7 62. Kxb7 Kg5 63. Kc6 Kf4 64. Kd5 Ke3 65. Re8+ Kf3 66. Ke5 f4 67. Rf8 Ke3 68. Rxf4 1-0

[Event "EU-ch U12 30th"]
[Site "Antalya"]
[Date "2022.11.12"]
[Round "7"]
[White "Bukreev, Stanislav"]
[Black "Dotzer, Lukas"]
[Result "1/2-1/2"]
[WhiteElo "1929"]
[BlackElo "2256"]
[PlyCount "110"]
[EventDate "2022.11.06"]
[EventType "swiss"]
[EventRounds "9"]
[EventCountry "TUR"]
[SourceTitle "CBM 211 Extra"]
[Source "ChessBase"]
[SourceDate "2023.01.31"]
[SourceVersion "1"]
[SourceVersionDate "2023.01.31"]
[SourceQuality "1"]

1. d4 Nf6 2. Nf3 c5 3. c4 cxd4 4. Nxd4 d5 5. Nc2 dxc4 6. Qxd8+ Kxd8 7. e3 Bf5 8. Nca3 Bd3 9. Nxc4 Bxf1 10. Rxf1 Nc6 11. Bd2 Ne4 12. Na5 Rc8 13. Nxc6+ Rxc6 14. Ba5+ Kc8 15. Nd2 Nxd2 16. Kxd2 e6 17. Rac1 Kd7 18. Rxc6 Kxc6 19. Rc1+ Kb5 20. Bc3 Bd6 21. Ke2 f6 22. e4 e5 23. Rd1 Rd8 24. Rd5+ Kc6 25. Kd3 Bc7 26. Rxd8 Bxd8 27. a4 b5 28. b3 Be7 29. f3 a6 30. g3 g6 31. h3 Bc5 32. Be1 Bg1 33. Ba5 Bf2 34. g4 Bb6 35. Bb4 Bc5 36. Bd2 g5 37. Be1 h6 38. h4 Bb6 39. h5 Bc5 40. Bc3 Bd6 41. Ba5 Bc7 42. axb5+ axb5 43. Bc3 Bd6 44. Bb2 Bc7 45. Kc3 Ba5+ 46. Kc2 Bc7 47. Bc3 Bd6 48. Ba5 Bc7 49. Bb4 Bd6 50. Bd2 b4 51. Kd3 Kb5 52. Bc1 Bc5 53. Bb2 Bd6 54. Ba1 Bc7 55. Bb2 Bd6 1/2-1/2

[Event "Moscow Botvinnik Memorial Cup"]
[Site "Moscow"]
[Date "2022.08.18"]
[Round "1.2"]
[White "Bukreev, Stanislav"]
[Black "Kostenko, Petr"]
[Result "0-1"]
[WhiteElo "1889"]
[BlackElo "2397"]
[PlyCount "72"]
[EventDate "2022.08.18"]
[EventType "team-tourn"]
[EventRounds "9"]
[EventCountry "RUS"]
[SourceTitle "CBM 209 Extra"]
[Source "ChessBase"]
[SourceDate "2022.09.30"]
[SourceVersion "1"]
[SourceVersionDate "2022.09.30"]
[SourceQuality "1"]
[WhiteTeam "Russia"]
[BlackTeam "Kazakhstan"]
[WhiteTeamCountry "RUS"]
[BlackTeamCountry "KAZ"]

1. d4 Nf6 2. c4 e6 3. Nf3 Bb4+ 4. Bd2 Qe7 5. a3 Bxd2+ 6. Qxd2 d6 7. g3 e5 8. dxe5 dxe5 9. Qg5 e4 10. Nd4 h6 11. Qf4 g5 12. Qd2 Ng4 13. Nc2 0-0 14. h3 Rd8 15. Qc3 Ne5 16. Bg2 f5 17. Nd2 Nbc6 18. b4 Qg7 19. Kf1 Be6 20. b5 Ne7 21. g4 Nxc4 22. Qxg7+ Kxg7 23. Nxc4 Bxc4 24. gxf5 Rd2 25. Ne3 Bxe2+ 26. Ke1 Rad8 27. a4 Bf3 28. Bxf3 exf3 29. Rc1 h5 30. Rxc7 Kf6 31. Rg1 Re2+ 32. Kf1 Nxf5 33. Rc1 Rdd2 34. Nd1 Rc2 35. Rb1 b6 36. Ra1 Rxf2+ 0-1

[Event "Nezhmetdinov Memorial 44th"]
[Site "Kazan"]
[Date "2022.05.27"]
[Round "1"]
[White "Iljiushenok, Ilia"]
[Black "Bukreev, Stanislav"]
[Result "1-0"]
[WhiteElo "2540"]
[BlackElo "1930"]
[PlyCount "127"]
[EventDate "2022.05.27"]
[EventType "swiss"]
[EventRounds "9"]
[EventCountry "RUS"]
[SourceTitle "CBM 208 Extra"]
[Source "ChessBase"]
[SourceDate "2022.07.31"]
[SourceVersion "1"]
[SourceVersionDate "2022.07.31"]
[SourceQuality "1"]

1. e4 e6 2. d4 d5 3. Nc3 Bb4 4. Nge2 dxe4 5. a3 Bxc3+ 6. Nxc3 Nc6 7. d5 exd5 8. Qxd5 Be6 9. Qxe4 Nf6 10. Qa4 Qd4 11. Bb5 Qxa4 12. Bxa4 0-0-0 13. Bxc6 bxc6 14. Be3 Bf5 15. Rc1 a6 16. f3 Nd5 17. Nxd5 Rxd5 18. Kf2 Re8 19. Rhe1 f6 20. c3 h5 21. Rcd1 Bc2 22. Rc1 Bf5 23. h4 Rde5 24. Rcd1 Bc2 25. Rd4 Rd5 26. Rc1 Bg6 27. Rxd5 cxd5 28. Rd1 c6 29. Bc5 Bc2 30. Rd4 Kc7 31. Rb4 Bd3 32. Be3 Bb5 33. g4 hxg4 34. Rxg4 Re7 35. Bc5 Rf7 36. Ke3 Bc4 37. f4 Kd7 38. f5 Ke8 39. h5 Rb7 40. b4 Kf7 41. Rg6 Rb8 42. h6 gxh6 43. Bd4 Re8+ 44. Kf3 Re1 45. Rxf6+ Ke7 46. Rxh6 Rf1+ 47. Kg4 Bd3 48. f6+ Kf7 49. Rh8 a5 50. Ra8 axb4 51. Ra7+ Ke8 52. axb4 Bg6 53. Kg5 Bf7 54. Rc7 Rf3 55. Rxc6 Kd7 56. Ra6 Be6 57. b5 Rg3+ 58. Kf4 Rg4+ 59. Kf3 Rg8 60. Be5 Re8 61. Ra7+ Kd8 62. b6 Bc8 63. f7 Bg4+ 64. Kxg4 1-0

[Event "EU-ch Schools U11"]
[Site "Tornelo INT"]
[Date "2021.12.05"]
[Round "7"]
[White "Bukreev, Stanislav"]
[Black "Chaladze, Giorgi"]
[Result "1-0"]
[WhiteElo "1762"]
[BlackElo "1316"]
[PlyCount "107"]
[EventDate "2021.12.03"]
[EventType "swiss (rapid)"]
[EventRounds "7"]
[EventCountry "NET"]
[SourceTitle "EXT 2023"]
[Source "ChessBase"]
[SourceDate "2022.10.05"]
[SourceVersion "1"]
[SourceVersionDate "2022.10.05"]
[SourceQuality "1"]

1. d4 Nf6 2. c4 e6 3. Nc3 d5 4. cxd5 exd5 5. Bg5 Be7 6. e3 c6 7. Bd3 h6 8. Bf4 Bd6 9. Bxd6 Qxd6 10. Nf3 Bg4 11. h3 Bxf3 12. Qxf3 Nbd7 13. 0-0 0-0 14. Rab1 Rfe8 15. b4 Nf8 16. Rfc1 a6 17. Na4 Ne4 18. Rc2 Nd7 19. Nc5 Ndxc5 20. bxc5 Qc7 21. Rcb2 Rab8 22. Rc1 Re6 23. Bxe4 dxe4 24. Qg4 Qe7 25. Rcb1 Qc7 26. Rb6 Re7 27. a4 a5 28. R1b2 g6 29. Qd1 f5 30. Qb3+ Kg7 31. Qc3 Kh7 32. Qxa5 f4 33. Qd2 f3 34. g3 Qd7 35. Kh2 h5 36. Qb4 g5 37. a5 Ra8 38. Rxb7 Qxb7 39. Qxb7 Rxb7 40. Rxb7+ Kg6 41. Rb6 Rxa5 42. Rxc6+ Kf5 43. g4+ hxg4 44. hxg4+ Kxg4 45. Re6 Kh4 46. Rxe4+ g4 47. Re8 Ra2 48. Rh8+ Kg5 49. Kg3 Ra1 50. Rg8+ Kf5 51. e4+ Kxe4 52. Rxg4+ Kd5 53. Kxf3 Ra3+ 54. Kg2 1-0

[Event "EU-ch Schools U11"]
[Site "Tornelo INT"]
[Date "2021.12.04"]
[Round "4"]
[White "Bukreev, Stanislav"]
[Black "Khvedelidze, Luka"]
[Result "0-1"]
[WhiteElo "1762"]
[BlackElo "1414"]
[PlyCount "56"]
[EventDate "2021.12.03"]
[EventType "swiss (rapid)"]
[EventRounds "7"]
[EventCountry "NET"]
[SourceTitle "EXT 2023"]
[Source "ChessBase"]
[SourceDate "2022.10.05"]
[SourceVersion "1"]
[SourceVersionDate "2022.10.05"]
[SourceQuality "1"]

1. d4 Nf6 2. c4 g6 3. Nc3 d5 4. cxd5 Nxd5 5. Nf3 Bg7 6. e3 0-0 7. Bc4 c6 8. 0-0 Be6 9. Qb3 Nxc3 10. Bxe6 Ne2+ 11. Kh1 Nxc1 12. Bxf7+ Rxf7 13. Raxc1 Qb6 14. Qe6 c5 15. Qc4 h6 16. dxc5 Qc6 17. b4 b5 18. Qg4 Nd7 19. Rfd1 Nf6 20. Qxg6 Qe4 21. Qxe4 Nxe4 22. Rc2 Rff8 23. c6 Rfd8 24. Rxd8+ Rxd8 25. c7 Rc8 26. Kg1 Nc3 27. Nd4 Rxc7 28. Ne6 Ne2+ 0-1

[Event "EU-ch Schools U11"]
[Site "Tornelo INT"]
[Date "2021.12.04"]
[Round "5"]
[White "Chernykh, Nikita"]
[Black "Bukreev, Stanislav"]
[Result "1/2-1/2"]
[WhiteElo "1188"]
[BlackElo "1762"]
[PlyCount "113"]
[EventDate "2021.12.03"]
[EventType "swiss (rapid)"]
[EventRounds "7"]
[EventCountry "NET"]
[SourceTitle "EXT 2023"]
[Source "ChessBase"]
[SourceDate "2022.10.05"]
[SourceVersion "1"]
[SourceVersionDate "2022.10.05"]
[SourceQuality "1"]

1. e4 e6 2. d4 d5 3. exd5 exd5 4. Nf3 Bd6 5. Be3 Ne7 6. c4 dxc4 7. Bxc4 0-0 8. Nc3 Bg4 9. 0-0 Nbc6 10. Bd3 Ng6 11. h3 Bxf3 12. Qxf3 Qf6 13. Qxf6 gxf6 14. a3 Kg7 15. d5 Nce5 16. Bf5 Nc4 17. Rab1 Rfe8 18. Rfe1 a6 19. Bd4 Rxe1+ 20. Rxe1 Nxb2 21. Rb1 Nc4 22. Rxb7 Nxa3 23. Ne4 Nb5 24. Bxf6+ Kg8 25. Nxd6 cxd6 26. Bd7 Na3 27. h4 Nc4 28. h5 Nf4 29. g4 Nxd5 30. Bd4 Nf4 31. Kh2 Ne5 32. Bxe5 dxe5 33. Kg3 a5 34. Rb5 f6 35. Bc6 Ra6 36. Rb8+ Kg7 37. Rb7+ Kh6 38. Bb5 Rd6 39. Ra7 Rd5 40. Be8 Rd3+ 41. Kh2 Rd2 42. Kg3 Rd3+ 43. Kh2 Rh3+ 44. Kg1 Rh4 45. Bd7 Rh3 46. Rxa5 Rd3 47. Bf5 Rd1+ 48. Kh2 Rd2 49. Kg3 Ne2+ 50. Kg2 Nd4 51. Ra6 Kg5 52. Bxh7 Ne2 53. Kf3 Nd4+ 54. Kg3 Ne2+ 55. Kf3 Nd4+ 56. Kg3 Ne2+ 57. Kf3 1/2-1/2